|
|
|
|
| LEADER |
01528nam a2200349 a 4500 |
| 001 |
38967 |
| 003 |
BD-DhAAL |
| 008 |
220621t2010 bg a b 001 0beng d |
| 999 |
|
|
|c 44402
|d 44402
|
| 010 |
|
|
|a 2011321352
|
| 020 |
|
|
|a 9789848866184
|
| 025 |
|
|
|a B-E-2011-321352; 21-91
|
| 037 |
|
|
|b Library of Congress -- New Delhi Overseas Office
|
| 040 |
|
|
|a DLC
|c DLC
|d DLC
|d BD-DhAAL
|
| 042 |
|
|
|a lcode
|a pcc
|
| 043 |
|
|
|a a-bg---
|
| 050 |
0 |
0 |
|a DS395.7.O83
|b R35 2010
|
| 082 |
|
|
|a 954.9205
|
| 100 |
1 |
|
|a Raja, Dewan Mohammad Tasawwar,
|d 1967.
|9 49516
|
| 245 |
1 |
0 |
|a O general my general :
|b Bangabir general Mohammad Ataul Ghani Osmany, commander-in-chief liberation war of Bangladesh, 1971 /
|c Dewan Mohammad Tasawwar Raja.
|
| 260 |
|
|
|a Dhaka :
|b Osmany Memorial Trust ;
|a Sylhet :
|b Distributor, Museum of Rajas,
|c 2010.
|
| 300 |
|
|
|a 541 pages :
|b illustrations ;
|c 24 cm.
|
| 504 |
|
|
|a Includes bibliographical references (pages [529]-534) and index.
|
| 526 |
|
|
|a GenEd
|
| 541 |
|
|
|a Karim International
|e 38967
|
| 600 |
1 |
0 |
|a Osamānī, Muhammada Ātāula Gaṇi,
|d 1918-1984.
|9 49517
|
| 650 |
|
0 |
|a Generals
|z Bangladesh
|v Biography.
|9 49518
|
| 651 |
|
0 |
|a Bangladesh
|x History
|y Revolution, 1971.
|9 49519
|
| 710 |
2 |
|
|a Osmany Memorial Trust (Dhaka, Bangladesh)
|9 49520
|
| 852 |
|
|
|a Savar Campus Library
|c General Stacks
|
| 942 |
|
|
|2 ddc
|c BK
|
| 952 |
|
|
|0 0
|1 0
|2 ddc
|4 0
|6 954_920500000000000_RAJ
|7 0
|9 71035
|a SCL
|b SCL
|c GEN
|d 2022-06-18
|e Karim International
|g 950.00
|l 4
|o 954.9205 RAJ
|p 3020038967
|r 2024-04-02
|s 2024-03-28
|t 1
|v 950.00
|w 2022-06-18
|y BK
|